| 000 | 01315nam a22002057a 4500 | ||
|---|---|---|---|
| 999 |
_c63520 _d63520 |
||
| 003 | Ge_BSU | ||
| 005 | 20251023144346.0 | ||
| 008 | 251023s1983 ge ||||| |||| 00| 0 geo d | ||
| 041 | _ageo | ||
| 080 | _a369.2/8(47+57) მ-77 | ||
| 100 |
_aმიხალკევიჩი, ვ.ნ. _926100 |
||
| 245 |
_aკომენტარი დებულებისა კოლმეურნეობის წევრებისათვის პენსიების დანიშვნისა და გაცემის წესის შესახებ / _c ვ.ნ. მიხალკევიჩი, გ.ს. შედეროვა, ი.მ. ფოგელი; საქ. სსრ სოცუზრუნველყოფის სამინისტრო. |
||
| 264 |
_aთბ. : _bსაბჭ. საქართველო, _c1983. |
||
| 300 |
_a334 გვ. ; _b21 სმ. |
||
| 500 | _aანბანურ-საგნობრივი საძიებელი: გვ. 324-333. | ||
| 653 | _aკოლმეურნეობების წევრების პენსიები | ||
| 700 |
_aშედეროვა, გ.ს. _eავტორი _926101 |
||
| 700 |
_aფოგელი, ი.მ. _eავტორი _926102 |
||
| 942 |
_2udc _cᲬᲘᲒᲜᲘ |
||